[Event "Oberpfalz-ch M2"]
[Site "Windischeschenbach"]
[Date "2017.04.11"]
[Round "7"]
[White "Heipeck, Jan"]
[Black "Gleis, Wolfgang"]
[Result "1-0"]
[WhiteElo "1520"]
[BlackElo "1619"]
[PlyCount "81"]
[EventDate "2017.04.08"]
[EventType "swiss"]
[EventRounds "8"]
[EventCountry "GER"]
[SourceTitle "EXT 2020"]
[Source "ChessBase"]
[SourceDate "2019.10.17"]
[SourceVersion "1"]
[SourceVersionDate "2019.10.17"]
[SourceQuality "1"]

1. e4 c5 2. Nf3 Nc6 3. d4 cxd4 4. Nxd4 Nf6 5. Nc3 d6 6. Be2 Bd7 7. Be3 a6 8. 0-0 b5 9. a3 e6 10. f4 e5 11. Nf3 Ng4 12. Qd2 Be7 13. f5 Nxe3 14. Qxe3 Qb8 15. Qd2 Qa7+ 16. Kh1 f6 17. Nd5 Bd8 18. a4 bxa4 19. Rxa4 Qb7 20. c3 Ne7 21. Rb4 Qa7 22. Ra1 a5 23. Nxe7 Kxe7 24. Qd5 Rc8 25. Rb7 Qxb7 26. Qxb7 Rc7 27. Qb3 Rc5 28. Nh4 Bc7 29. Bh5 Rf8 30. Qd1 Rb8 31. Qd2 Bc6 32. b4 Rc4 33. b5 Bxe4 34. Be2 Rc5 35. c4 d5 36. Rc1 Rd8 37. Qb2 Bb6 38. cxd5 Rcxd5 39. Qa3+ Bc5 40. Qxa5 Rd1+ 41. Rxd1 1-0

[Event "Oberpfalz-ch M2"]
[Site "Windischeschenbach"]
[Date "2017.04.10"]
[Round "5"]
[White "Stoeckl, Maximilian"]
[Black "Heipeck, Jan"]
[Result "1-0"]
[WhiteElo "1514"]
[BlackElo "1520"]
[PlyCount "89"]
[EventDate "2017.04.08"]
[EventType "swiss"]
[EventRounds "8"]
[EventCountry "GER"]
[SourceTitle "EXT 2020"]
[Source "ChessBase"]
[SourceDate "2019.10.17"]
[SourceVersion "1"]
[SourceVersionDate "2019.10.17"]
[SourceQuality "1"]

1. d4 Nf6 2. c4 g6 3. Nc3 Bg7 4. e4 d6 5. f3 0-0 6. Bd3 e5 7. d5 a5 8. Nge2 Na6 9. a3 Nc5 10. Bc2 Ne8 11. Be3 f5 12. 0-0 f4 13. Bf2 Nf6 14. b4 Ncd7 15. c5 Rf7 16. Rc1 axb4 17. axb4 Nf8 18. Bb3 g5 19. Nb5 Kh8 20. Nec3 Ng6 21. Na4 h5 22. cxd6 cxd6 23. Bb6 Qd7 24. Nc7 Ra6 25. Nxa6 bxa6 26. Rc7 Qe8 27. Rxf7 Qxf7 28. Qc2 Bd7 29. Qc7 g4 30. Bd1 Qe8 31. Qd8 Qxd8 32. Bxd8 Bb5 33. Rf2 g3 34. hxg3 fxg3 35. Rb2 Nf4 36. Nc3 Bd7 37. b5 axb5 38. Nxb5 h4 39. Nxd6 N6xd5 40. Bxh4 Nc3 41. Rd2 Bf8 42. Nf7+ Kg8 43. Rxd7 Bc5+ 44. Kf1 Nxd1 45. Nh6+ 1-0